000 00682nam a2200157 a 4500
008 220302s2019 ||||||||||||||||| || u
050 _aCBU-PG THESIS/KUN
100 _aKunda, Stephen
245 1 0 _aInvestigating the effect of internal factors on Financial Performance of Commercial Banks in Zambia
_cBy Stephen Kunda
260 _aKitwe
_bCopperbelt University
_c2019
300 _axi, 64 Pages : illustrations
650 _a BANKS IN ZAMBIA
650 _aCOMMERCIAL BANKS IN ZAMBIA
650 _aFINANCIAL PERFORMANCE - BANKS IN ZAMBIA
995 _FCBU-MAIN LIBRARY (Kitwe)
_M1
_UAVAILABLE
_WJun 30, 2022
_ZUniversity Collection
999 _c48169
_d48169